000 00991cab a22002655a 4500
001 L159227
008 120710s2016 xxk 000 0 eng d
035 _a(Sirsi) u159227
041 0 _aeng
050 _a690.0685
100 1 _aLambert, Jeremy
245 0 0 _aScheduling techniques for different project classifications
260 _c2016
490 _aProject Control Professional
_v54(2) March 2016, 17-23(7)
520 _aOutlines different scheduling methods from the construction industry, and through research and an industry survey, the most appropriate scheduling technique is aligned in a matrix to each differing life-cycle stage and project classification.
590 _aKA
650 2 4 _aCRITICAL PATH METHOD
650 2 4 _aLINE OF BALANCE
650 2 4 _aPROGRAMME EVALUATION AND REVIEW TECHNIQUE
650 2 4 _aLIFE CYCLE COST MANAGEMENT
651 4 _aUnited Kingdom
690 _aProject management
_96261
690 _aConstruction management
_96230
942 _n0
999 _c84839
_d84839